| 000 | 00482nam a2200181Ia 4500 | ||
|---|---|---|---|
| 003 | OSt | ||
| 005 | 20250813122907.0 | ||
| 008 | 210210b1930 xxu||||| |||| 00| 0 eng d | ||
| 040 | _cAL | ||
| 041 | _akan | ||
| 082 | _a859/1756 | ||
| 100 |
_aVENKATACHARYA (B) _9156448 _dವೆಂಕಟಾಚಾರ್ಯ (ಬಿ) |
||
| 245 |
_aVangavijeta; _bವಂಗವಿಜೇತ |
||
| 260 |
_aBengaluru _b- _c1930 |
||
| 690 |
_aKannada Fiction _9156449 |
||
| 906 | _a022477 | ||
| 942 |
_2ddc _cBK |
||
| 999 |
_c146880 _d146880 |
||